Normal view MARC view
  • World War, 1939-1945

Entry Topical Term

Number of records used in: 3

001 - CONTROL NUMBER

  • control field: 48903

003 - CONTROL NUMBER IDENTIFIER

  • control field: NUST

005 - DATE AND TIME OF LATEST TRANSACTION

  • control field: 20210314134203.0

008 - FIXED-LENGTH DATA ELEMENTS

  • fixed length control field: 210314|| aca||aabn | a|a d

040 ## - CATALOGING SOURCE

  • Original cataloging agency: NUST
  • Transcribing agency: NUST

150 ## - HEADING--TOPICAL TERM

  • Topical term or geographic name entry element: World War, 1939-1945
  • Geographic subdivision: Philippines
  • Geographic subdivision: Lubang Island

670 ## - SOURCE DATA FOUND

  • Source citation: Work cat.: (NUST): Onoda, Hiroo. 48900, No surrender :, 1975, c1974.
© 2023 Central Library, National University of Sciences and Technology. All Rights Reserved.